Top 50 Movies Quiz! - Statistics

General Stats
  • This quiz has been taken 104 times
    79 since last reset
  • The average score is 30 of 50
Answer Stats
Ranking Actor #1 Actor #2 Year Answer % Correct
2 Marlon Brando Al Pacino 1972 The Godfather
89%
34 Al Pacino Robert De Niro 1974 The Godfather Part II
89%
10 Mark Hamill Harrison Ford 1977 Star Wars: A New Hope
88%
13 Tobey McGuire Kirsten Dunst 2004 Spider-Man 2
85%
29 Tom Holland Michael Keaton 2017 Spider-Man: Homecoming
85%
18 Daniel Radcliffe Emma Watson 2001 Harry Potter and the Sorcerer's Stone
83%
22 Christian Bale Heath Ledger 2008 The Dark Knight
82%
7 Tom Hanks Robin Wright 1994 Forrest Gump
78%
31 Johnny Depp Orlando Bloom 2003 Pirates of the Caribbean: Curse of the Black Pearl
75%
23 Samuel L. Jackson John Travolta 1992 Pulp Fiction
75%
50 Sylvester Stallone Talia Shire 1986 Rocky IV
75%
4 Robert Downey Jr. Chris Evans 2019 Avengers: Endgame
74%
11 Michael J. Fox Christopher Lloyd 1985 Back to the Future
74%
12 Elijah Wood Ian McKellen 2001 Lord of the Rings: Fellowship of the Ring
74%
32 Robert Pattinson Kristen Stewart 2007 Twilight
72%
43 Judy Garland Frank Morgan 1939 Wizard of Oz
72%
25 McCauley Culkin Joe Pesci 1990 Home Alone
71%
40 Will Smith Tommy Lee Jones 1997 Men in Black
71%
21 Jennifer Lawrence Josh Hutcherson 2012 The Hunger Games
69%
8 Tom Hanks Tim Allen 1995 Toy Story
69%
26 Bill Murray Dan Ackroyd 1987 Ghostbusters
68%
33 Harrison Ford Karen Allen 1980 Indiana Jones and the Raiders of the Lost Ark
68%
6 Morgan Freeman Tim Robbins 1995 The Shawshank Redemption
65%
9 Josh Brolin Robert Downey Jr. 2018 Avengers: Infinity War
63%
5 Idina Menzel Kristen Bell 2013 Frozen
62%
1 Mark Hamill Harrison Ford 1980 Star Wars: Empire Strikes Back
60%
44 Dwayne Johnson Karen Gillan 2017 Jumanji: Welcome to the Jungle
58%
39 Ralph Macchio Pat Morita 1984 The Karate Kid
58%
38 Tom Cruise Michael Ironside 1985 Top Gun
57%
3 Zoe Saldana Sigourney Weaver 2009 Avatar
55%
37 Henry Thomas Drew Barrymore 1982 E.T. The Extra Terrestrial
55%
19 Mike Myers Cameron Diaz 2001 Shrek
55%
35 Christopher Reeve Margot Kidder 1978 Superman: The Movie
55%
47 Humphrey Bogart Ingrid Bergman 1942 Casablanca
52%
15 Matthew Broderick James Earl Jones 1994 The Lion King
52%
28 Hugh Jackman Zac Efron 2017 The Greatest Showman
49%
36 Roy Schieder Robert Shaw 1975 Jaws
48%
42 Clark Gable Vivian Leigh 1939 Gone With the Wind
45%
24 Sam Neill Laura Dern 1993 Jurassic Park
45%
17 Martin Freeman Ian McKellen 2012 The Hobbit: An Unexpected Journey
45%
46 Orson Welles Joseph Cotton 1941 Citizen Kane
42%
41 Liam Neeson Ralph Fiennes 1993 Schindler's List
42%
48 Robin Williams Scott Weiner 1992 Aladdin
38%
27 Lindsay Lohan Jonathan Bennett 2004 Mean Girls
37%
49 Jack Nicholson Faye Dunaway 1974 Chinatown
32%
45 Shameik Moore Hailee Steinfeld 2018 Spider-Man Into the Spider-Verse
29%
30 Craig T. Nelson Holly Hunter 2004 The Incredibles
28%
20 Anthony Gonzalez Gael Garcia Bernai 2017 Coco
26%
14 Paige O'Hara Robby Benson 1991 Beauty and the Beast
25%
16 Sandra Bullock Michael Keaton 2015 Minions
17%
No matching quizzes found
Score Distribution
Percent of People with Each Score
Percentile by Number Answered
Your Score History
You have not taken this quiz since the last reset